000 00303nam a22001337a 4500
003 SGT
020 _a978-81-7319-620-1
082 _a676.0286
_bSRI
100 _aSRIVASTAVA, M.M.
245 _aCHEMISTRY FOR GREEN ENVIRONMENT
260 _aDELHI
_bNAROSA PUB.
_c2015
300 _a364
942 _2ddc
_cBK
999 _c24643
_d24643